Every Song by Killswitch Engage - Statistics

General Stats
  • This quiz has been taken 31 times
    9 since last reset
  • The average score is 10 of 117
Answer Stats
Album Song % Correct
As Daylight Dies(2006) My Curse
86%
The End of Heartache(2004) The End of Heartache
71%
As Daylight Dies(Bonus)(2006) This Fire
71%
Alive or Just Breathing(2002) My Last Serenade
57%
As Daylight Dies(2006) The Arms of Sorrow
43%
As Daylight Dies(2006) Break the Silence
29%
The End of Heartache(2004) Breathe Life
29%
As Daylight Dies(2006) Daylight Dies
29%
Alive or Just Breathing(2002) Fixation on the Darkness
29%
As Daylight Dies(2006) For You
29%
Disarm the Descent(2013) In Due Time
29%
Alive or Just Breathing(2002) Life to Lifeless
29%
As Daylight Dies(2006) Reject Yourself
29%
The End of Heartache(2004) Take This Oath
29%
Atonement(2019) The Signal Fire
29%
As Daylight Dies(2006) This is Absolution
29%
The End of Heartache(2004) A Bid Farewell
14%
Incarnate(2016) Alone I Stand
14%
As Daylight Dies(Bonus)(2006) Be One
14%
The End of Heartache(2004) Declaration
14%
As Daylight Dies(2006) Desperate Times
14%
As Daylight Dies(2006) Eye of the Storm
14%
Incarnate(2016) Hate by Design
14%
The End of Heartache(2004) Hope Is...
14%
This Consequence(2025) I Believe
14%
Atonement(2019) I Can't Be the Only One
14%
Alive or Just Breathing(2002) Just Barely Breathing
14%
As Daylight Dies(Bonus)(2006) Let the Bridges Burn
14%
Alive or Just Breathing(2002) Numbered Days
14%
Incarnate(2016) Quiet Distress
14%
Alive or Just Breathing(2002) Rise Inside
14%
The End of Heartache(2004) Rose of Sharyn
14%
Alive or Just Breathing(2002) Self Revolution
14%
As Daylight Dies(2006) Still Beats Your Name
14%
Killswitch Engage(2000) Temple from the Within
14%
Alive or Just Breathing(2002) The Element of One
14%
As Daylight Dies(2006) Unbroken
14%
Atonement(2019) Unleashed
14%
The End of Heartache(2004) Wasted Sacrifice
14%
The End of Heartache(2004) When Darkness Falls
14%
The End of Heartache(2004) World Ablaze
14%
This Consequence(2025) Abandon Us
0%
This Consequence(2025) Aftermath
0%
Killswitch Engage(2009) A Light in a Darkened World
0%
Disarm the Descent(2013) All We Have
0%
Disarm the Descent(2013) Always
0%
The End of Heartache(2004) And Embers Rise
0%
Incarnate(2016) Ascension
0%
Atonement(2019) As Sure as the Sun Will Rise
0%
Disarm the Descent(2013) A Tribute to the Fallen
0%
Disarm the Descent(2013) Beyond the Flames
0%
Atonement(2019) Bite the Hand That Feeds
0%
Disarm the Descent(Bonus)(2013) Blood Stains
0%
This Consequence(2025) Broken Glass
0%
This Consequence(2025) Collusion
0%
Incarnate(2016) Cut Me Loose
0%
This Consequence(2025) Discordant Nation
0%
Incarnate(2016) Embrace the Journey... Upraised
0%
This Consequence(2025) Forever Aligned
0%
Atonement II: B-Sides for Charity(2020) Hollow Convictions
0%
Atonement(2019) I Am Broken Too
0%
Atonement II: B-Sides for Charity(2020) I Feel Alive Again
0%
Killswitch Engage(Bonus)(2009) In a Dead World
0%
The End of Heartache(2004) Inhale
0%
Killswitch Engage(2000) In the Unblind
0%
Killswitch Engage(2000) | The End of Heartache(Bonus)(2004) Irreversal
0%
Incarnate(2016) It Falls on Me
0%
Killswitch Engage(2009) I Would Do Anything
0%
Incarnate(2016) Just Let Go
0%
Atonement II: B-Sides for Charity(2020) Killing of Leviathan
0%
Atonement(2019) Know Your Enemy
0%
Killswitch Engage(2009) Lost
0%
Incarnate(Bonus)(2016) Loyalty
0%
The End of Heartache(Bonus)(2004) My Life for Yours
0%
Killswitch Engage(2009) Never Again
0%
Atonement II: B-Sides for Charity(2020) No Devotion
0%
Disarm the Descent(2013) No End in Sight
0%
Killswitch Engage(2000) Numb Sickened Eyes
0%
Killswitch Engage(2000) One Last Sunset
0%
Killswitch Engage(2000) Prelude
0%
Atonement II: B-Sides for Charity(2020) Prophets of Treason
0%
Atonement(2019) Ravenous
0%
Killswitch Engage(2009) Reckoning
0%
Incarnate(Bonus)(2016) Reignite
0%
This Consequence(2025) Requiem
0%
Killswitch Engage(2000) Rusted Embrace
0%
Killswitch Engage(2009) Save Me
0%
Disarm the Descent(Bonus)(2013) Slave to the Machine
0%
Killswitch Engage(2000) Soilborn
0%
Killswitch Engage(2009) Starting Over
0%
Incarnate(2016) Strength of the Mind
0%
Atonement(2019) Take Control
0%
Killswitch Engage(2009) Take Me Away
0%
Disarm the Descent(2013) The Call
0%
Atonement(2019) The Crownless King
0%
This Consequence(2025) The Fall of Us
0%
Killswitch Engage(2009) The Forgotten
0%
Incarnate(2016) The Great Deceit
0%
Disarm the Descent(2013) The Hell in Me
0%
Disarm the Descent(2013) The New Awakening
0%
Killswitch Engage(2009) The Return
0%
Killswitch Engage(2009) This is Goodbye
0%
Disarm the Descent(2013) Time Will Not Remain
0%
Atonement II: B-Sides for Charity(2020) To the Great Beyond
0%
Alive or Just Breathing(2002) To the Sons of Man
0%
Incarnate(Bonus)(2016) Triumph Through Tragedy
0%
Disarm the Descent(2013) Turning Point
0%
Incarnate(2016) Until the Day
0%
Alive or Just Breathing(2002) Untitled and Unloved
0%
Atonement(2019) Us Against the World
0%
Killswitch Engage(2000) Vide Infra
0%
Incarnate(2016) We Carry On
0%
Alive or Just Breathing(2002) When the Balance is Broken
0%
This Consequence(2025) Where It Dies
0%
Alive or Just Breathing(2002) Without a Name
0%
Disarm the Descent(2013) You Don't Bleed for Me
0%
No matching quizzes found
Score Distribution
Percent of People with Each Score
Percentile by Number Answered
Your Score History
You have not taken this quiz since the last reset